Simulación de los principales procesos de separación en la refinación de petróleo de una refinería simple
محفوظ في:
| المؤلف الرئيسي: | |
|---|---|
| التنسيق: | كتاب |
| منشور في: |
San José, Costa Rica
2008
|
| الموضوعات: | |
| الوسوم: |
إضافة وسم
لا توجد وسوم, كن أول من يضع وسما على هذه التسجيلة!
|
MARC
| LEADER | 00000nam a2200000Ia 4500 | ||
|---|---|---|---|
| 003 | 010318 | ||
| 005 | 20221231144102.0 | ||
| 008 | 140114s2008 cr a 000 ||s d | ||
| 040 | |c cru CEDI | ||
| 090 | |a TFG 5579 | ||
| 100 | |a Chaves Di Luca, Federico |9 4519 | ||
| 245 | |a Simulación de los principales procesos de separación en la refinación de petróleo de una refinería simple | ||
| 260 | |c 2008 |b San José, Costa Rica | ||
| 300 | |a xiv, 143 hojas; ilustraciones a color | ||
| 500 | |a Proyecto de graduación (licenciatura en ingeniería química)--Universidad de Costa Rica. Facultad de Ingeniería. Escuela de Ingeniería Química | ||
| 650 | |x REFINADORA COSTARRICENSE DE PETROLEO |x REFINACION DEL PETROLEO |x MODELOS DE SIMULACION |x PRODUCTOS |x INDUSTRIA Y COMERCIO |x REFINERIAS DE PETROLEO |x COSTA RICA |x INGENIERÍA DE PETRÓLEOS |x PROCESOS QUIMICOS |9 4520 | ||
| 942 | |c TFG | ||
| 999 | |c 16682 |d 16682 | ||
